Normal view
MARC view
- Suddarth, Doris Smith.,
Entry Personal Name
001 - CONTROL NUMBER
- control field: 1099
003 - CONTROL NUMBER IDENTIFIER
- control field: URS
005 - DATE AND TIME OF LATEST TRANSACTION
- control field: 20220125104834.0
008 - FIXED-LENGTH DATA ELEMENTS
- fixed length control field: 220125|| aca||aabn | a|a d
040 ## - CATALOGING SOURCE
- Original cataloging agency: URS
100 ## - HEADING--PERSONAL NAME
- Personal name: Suddarth, Doris Smith.,
- Relator term: author.